COBOL Kurzreferenz

Uložené v:
Podrobná bibliografia
Hlavný autor: Kerschbaumer, Helmut
Médium: Kniha
Jazyk:German
Vydavateľské údaje: München Oldenbourg 1994
Vydanie:1. Aufl.
Tagy: Pridať tag
Žiadne tagy, Buďte prvý, kto otaguje tento záznam!

MARC

LEADER 00000nam a2200000 4500
001 c010033
005 20240201131504.4
020 |a 3-486-22935-4 
041 0 |a ger 
044 |a DE 
245 1 0 |a COBOL  |b Kurzreferenz  |c Helmut Kerschbaumer 
250 |a 1. Aufl. 
264 1 |a München  |b Oldenbourg  |c 1994 
300 |a 136 s. 
100 1 |a Kerschbaumer, Helmut